| 000 | 00388pab a2200157 454500 | ||
|---|---|---|---|
| 008 | 180718b2004 xxu||||| |||| 00| 0 eng d | ||
| 100 | _aSehgal, V.N. | ||
| 245 | _aLie-detection, its legal status and reliability in India and abroad | ||
| 260 | _c2004 | ||
| 300 | _ap.20-26. | ||
| 362 | _aJun | ||
| 650 | _aCrime | ||
| 700 | _aMittal, S.C. | ||
| 773 | _aCBI Bulletin | ||
| 909 | _a62215 | ||
| 999 |
_c62215 _d62215 |
||